00578cam a22001692 4500001001100000005001700011008004100028020002600069040001500095050001600110100003400126245009500160260005000255300001000305650003100315650006200346000000496020151217151947.0070604s xx 000 0 eng d a1874367760 :cKES 250 aKABUcKABU 0aRC889b.W551 aWilkinson, Libby.@000015598410a"When are you going to start a family?" :bmy experiences of childlessness and the church. aChichester, England :bNew Wine Press,c1998. a64 p. 0aChildlessness.@0000155985 0aInfertilityxReligious aspectsxChristianity.@0000155986